Chopin: The Women Behind the Music (Record no. 333121)
[ view plain ]
| 000 -LEADER | |
|---|---|
| fixed length control field | 00519nam a2200097Ia 4500 |
| 008 - FIXED-LENGTH DATA ELEMENTS--GENERAL INFORMATION | |
| fixed length control field | 170517s9999 xx 000 0 und d |
| 245 ## - TITLE STATEMENT | |
| Title | Chopin: The Women Behind the Music |
| 300 ## - PHYSICAL DESCRIPTION | |
| Extent | Documentary about the life of the great pianist and composer Chopin and the story of the women whose voices inspired his music. It is undeniable that Chopin revolutionized the nature of music composed for the piano both technically and... |
| 650 ## - SUBJECT ADDED ENTRY--TOPICAL TERM | |
| General subdivision | Art. |
| 856 ## - ELECTRONIC LOCATION AND ACCESS | |
| Uniform Resource Identifier | <a href="http://topdocumentaryfilms.com/chopin-the-women-behind-the-music/">http://topdocumentaryfilms.com/chopin-the-women-behind-the-music/</a> |
| Withdrawn status | Lost status | Damaged status | Home library | Current library | Date acquired | Total Checkouts | Date last seen | Price effective from | Koha item type |
|---|---|---|---|---|---|---|---|---|---|
| College Library | College Library | 05/17/2017 | 05/17/2017 | 05/17/2017 | Documentary Films |